00962nam a2200205 a 450000100100000000500170001000800410002704000250006808200160009310000370010924501070014626000530025330000300030650400400033604900090037695201200038595201140050595201200061999900170073900003215320200930063456.0110713s1995 dr c 000 0 spa d aDO-SdBNPbspacBNPHU axxxxbC422p1 aCéspedes Argote, Onoria95825710a¿Porqué Máximo Gómez fue declarado hijo adoptivo de Bayamo? :bhistoria de la ciudad de Bayamo. aBaní :bcominte Amigos de Cuba de Bani,c1995. a36 p. :bretrs. ;c13 cm. aInlcuye bibliografía : [p. 36 p.] aBNPD 0010718DSaGRbGRcCTd2011-07-13iLF1l0oxxxx C422pp32153-30r2020-06-25te. 3w2020-06-25yLFDSZNo se presta 0010718PDaPDbPDcCTd2011-07-13iLF1l0oxxxx C422pp32153-10r2020-06-25w2020-06-25yLFPDZNo se presta 0010718PDaPDbPDcCTd2011-07-13iLF1l0oxxxx C422pp32153-20r2020-06-25te. 2w2020-06-25yLFPDZNo se presta c31644d31644